Las claves de un concurso de acreedores /

Detalles Bibliográficos
Autor principal: Marn̕ Lama, Carlos
Formato: Desconocido
Publicado: Barcelona: Planificacin̤ Jurd̕ica, 2010.
Materias:
Acceso en línea:Acceso restringido

MARC

LEADER 00000ny aa2200000n 44500
005 20110505120357.0
008 110505s2003 sp 000 0 spa d
035 |a 5227 
040 |a vLex 
090 |c 2117  |d 2117 
100 1 |a Marn̕ Lama, Carlos 
245 1 4 |a Las claves de un concurso de acreedores /  |c Carlos Marn̕ Lama, Jos ̌Mauro Vicente Hernǹdez  |h [Recurso electrn̤ico] 
256 |a Servicio en ln̕ea. 
260 |a Barcelona:  |b Planificacin̤ Jurd̕ica,  |c 2010. 
300 |a 1 recurso electrn̤ico 
506 1 |a Contenido solo disponible en los productos indicados  |d vLex Global  |d vLex Global (Academic Edition, excluding Law Schools)  |d vLex Global (U.S. Academic Edition, Law Schools)  |d vLex Global (U.S. Academic Edition, excluding Law Schools)  |d vLex Global (Academic Edition, Law Schools) 
650 0 4 |a Derecho concursal  |2 Tesauro vLex 
740 0 |a vLex Libros (Servicio en ln̕ea) 
856 |u http://vlex.com/source/claves-concurso-acreedores-5227  |z Acceso restringido 
942 |c BOOK